| 000 | 00403nam a2200181Ia 4500 | ||
|---|---|---|---|
| 001 | 2047 | ||
| 005 | 20260306143813.0 | ||
| 008 | 260306t2007||||xx |||||||||||||| ||spa|| | ||
| 041 | _aESP | ||
| 082 |
_a611.8 _bC91 |
||
| 100 |
_aCrossman, A.R. _eAUT |
||
| 245 | 0 | _aNeuroanatomĂa | |
| 260 | _c2007 | ||
| 300 |
_a185 páginas : _c30 cm. |
||
| 650 | _aGEN | ||
| 654 | _aCPS | ||
| 942 |
_cLIB _dJUS _fJUS _2ddc _n |
||
| 999 |
_c2047 _d2047 |
||